• 首页
  • 本馆介绍
  • 公告通知
  • 最新文献
  • 馆藏检索
  • 电子资源
  • 读者导购
  • 参考咨询
  • 我的图书馆
  • 登录
  • 详细信息显示
  • 放入我的书架
  • 预约/预借图书
  • 作者相关作品
  • 分类相关作品
  • 丛书相关作品
  • 出版社相关作品

书目信息

  • 表格格式
  • 工作单格式
  • 卡片格式
题名:
李渔传
    
 
作者: 徐保卫著
分册:  
出版信息: 天津   百花文艺出版社  2002.10
页数: 299页
开本: 21cm
丛书名:
单 册:
中图分类: K825.6=48
科图分类:
主题词:
电子资源:
ISBN: 7-5306-3455-0
000 00479Pam2 2200181 45
001 JMS0005047
005 20040206174834.8
010    @a7-5306-3455-0@dCNY16.00
100    @a20030410d2002 ekmy1chiy0120 ea
101 0  @achi
105    @a z 000yb
200  1 @a李渔传@f徐保卫著
210    @a天津@c百花文艺出版社@d2002.10
215    @a299页@d21cm
600  0 @a李渔(1611-1680)@x传记
690    @aK825.6=48@v4
801    @aCN@bTSTCL@c20040206
905    @b334015-019@dK825.6=48@e329@f5
    
    李渔传/徐保卫著.-天津:百花文艺出版社,2002.10
    299页;21cm
    
    
    ISBN 7-5306-3455-0:CNY16.00
    
●
相关链接 在E读中查询图书 在五车中查询图书 在当当中查询图书 在豆瓣中查询图书


正题名:李渔传     索取号:K825.6=48/329         预约/预借

序号 登录号 条形码 馆藏地/架位号 状态 备注
1 0334015   203340152   第二借阅区/ [索取号:K825.6=48/329] 在馆    
2 0334016   203340161   第二借阅区/ [索取号:K825.6=48/329] 在馆    
3 0334017   203340170   第二借阅区/ [索取号:K825.6=48/329] 在馆    
4 0334018   203340189   第二借阅区/ [索取号:K825.6=48/329] 在馆    
5 0334019   203340198   第二样本阅览室/ [索取号:K825.6=48/329] 在馆    
唐山师范学院图书馆 欢迎您!
大连网信软件有限公司© 版权所有